Top 50 West Coast Hip-Hop Albums - Statistics

General Stats
  • This quiz has been taken 60 times
  • The average score is 14 of 50
Answer Stats
Artist Album % Correct
#7: Dr. Dre The Chronic
89%
#2: Kendrick Lamar good kid, m.A.A.d city
87%
#6: Snoop Dogg Doggystyle
85%
#12: N.W.A Straight Outta Compton
85%
#1: Kendrick Lamar To Pimp a Butterfly
84%
#24: Dr. Dre 2001
78%
#10: Kendrick Lamar DAMN.
76%
#29: 2Pac All Eyez on Me
64%
#17: Kendrick Lamar Section.80
60%
#3: Tyler, the Creator Flower Boy
58%
#19: 2Pac Me Against the World
49%
#14: Ice Cube AmeriKKKa's Most Wanted
47%
#11: Ice Cube Death Certificate
42%
#26: Brockhampton Saturation
35%
#41: Ice Cube The Predator
35%
#15: Kendrick Lamar untitled unmastered.
35%
#37: Vince Staples Big Fish Theory
31%
#8: Brockhampton Saturation II
31%
#9: Brockhampton Saturation III
31%
#44: Cypress Hill Black Sunday
25%
#4: Deltron 3030 Deltron 3030
25%
#5: The Pharcyde Bizarre Ride II the Pharcyde
24%
#40: Vince Staples Summertime '06
24%
#27: Earl Sweatshirt I Don't Like Shit, I Don't Go Outside
22%
#20: Makaveli The Don Killuminati: The 7 Day Theory
22%
#16: Souls of Mischief 93 'Til Infinity
20%
#18: The Pharcyde Labcabincalifornia
20%
#13: Quasimoto The Unseen
15%
#23: Blu & Exile Below the Heavens
13%
#28: The D.O.C. No One Can Do it Better
13%
#34: DJ Quik Safe + Sound
13%
#42: Comptons Most Wanted Music to Driveby
9%
#31: Freestyle Fellowship Innercity Griots
7%
#36: Ice-T O.G. Original Gangster
7%
#39: Paris The Devil Made Me Do It
7%
#21: Blackalicious Blazing Arrow
5%
#32: Blackalicious Nia
5%
#22: Ras Kass Soul on Ice
5%
#47: Aceyalone A Book of Human Language
4%
#50: Open Mike Eagle Brick Body Kids Still Daydream
4%
#48: Tha Alkaholiks Coast II Coast
4%
#45: Jurassic 5 Quality Control
4%
#38: DJ Quik Rhythm-al-ism
4%
#49: Spice 1 187 He Wrote
2%
#46: Dr. Dre 2001: Instrumentals Only
2%
#35: Madlib Shades of Blue: Madlib Invades Blue Note
2%
#30: The Coup Genocide & Juice
0%
#25: The Coup Steal This Album
0%
#43: Quasimoto The Unseen: Instrumentals
0%
#33: Beat Konducta Vol. 5: Dil Cosby Suite
0%
No matching quizzes found
Score Distribution
Percent of People with Each Score
Percentile by Number Answered
Your Score History
You have not taken this quiz